[Event "Mississauga Spring op U2000"]
[Site "Mississauga"]
[Date "2019.03.24"]
[Round "5"]
[White "Locham, Divjot"]
[Black "Chakkoli, Anirud"]
[Result "1-0"]
[WhiteElo "1645"]
[BlackElo "1659"]
[PlyCount "73"]
[EventDate "2019.03.23"]
[EventType "swiss"]
[EventRounds "5"]
[EventCountry "CAN"]
[SourceTitle "EXT 2022"]
[Source "ChessBase"]
[SourceDate "2021.10.06"]
[SourceVersion "1"]
[SourceVersionDate "2021.10.06"]
[SourceQuality "1"]

1. e4 c5 2. Nf3 d6 3. Bb5+ Bd7 4. Bxd7+ Qxd7 5. 0-0 Nf6 6. Re1 e5 7. c3 Nc6 8. d4 cxd4 9. cxd4 0-0-0 10. d5 Ne7 11. Nc3 Kb8 12. a4 Ne8 13. a5 Nc7 14. b4 f5 15. b5 Nxb5 16. Nxb5 Qxb5 17. a6 fxe4 18. Be3 Qxd5 19. Qb1 Nc8 20. Rd1 Qc6 21. Rc1 Qd7 22. Nd2 b6 23. Nc4 Be7 24. Bxb6 Nxb6 25. Nxb6 axb6 26. Qxb6+ Ka8 27. Rc7 Qxc7 28. Qxc7 Rb8 29. Qxe7 Rb6 30. g3 Rc8 31. Qxg7 e3 32. fxe3 d5 33. Qxe5 Ka7 34. Qxd5 Rxa6 35. Qd7+ Kb8 36. Rb1+ Rb6 37. Rxb6+ 1-0

[Event "Ontario-ch U20 U1800"]
[Site "Mississauga"]
[Date "2019.01.13"]
[Round "4.15"]
[White "Chakkoli, Anirud"]
[Black "Zhang, Henry"]
[Result "0-1"]
[WhiteElo "1673"]
[BlackElo "1517"]
[PlyCount "52"]
[EventDate "2019.01.12"]
[EventType "swiss"]
[EventRounds "5"]
[EventCountry "CAN"]
[SourceTitle "EXT 2022"]
[Source "ChessBase"]
[SourceDate "2021.10.06"]
[SourceVersion "1"]
[SourceVersionDate "2021.10.06"]
[SourceQuality "1"]

1. e4 c5 2. Ne2 e6 3. d4 cxd4 4. Nxd4 Nc6 5. Nb5 d6 6. Bf4 e5 7. Be3 Be6 8. c4 Be7 9. N1c3 a6 10. Na3 Nf6 11. Bg5 Nxe4 12. Nxe4 Bxg5 13. Nxd6+ Kf8 14. Nc2 Qa5+ 15. Ke2 Rd8 16. b3 Qc5 17. Ne4 Rxd1 18. Nxc5 Rd2+ 19. Kf3 Rxc2 20. Nxb7 Bf5 21. g4 Nd4+ 22. Kg3 Rc3+ 23. f3 Rxf3+ 24. Kg2 Bxg4 25. Nc5 Bh3+ 26. Kg1 Be3# 0-1

[Event "CAN-ch U20 U1800"]
[Site "Toronto"]
[Date "2018.08.10"]
[Round "4.16"]
[White "Chakkoli, Anirud"]
[Black "Yuen, Noah Nathaniel"]
[Result "0-1"]
[WhiteElo "1416"]
[BlackElo "1675"]
[PlyCount "130"]
[EventDate "2018.08.08"]
[EventType "swiss"]
[EventRounds "9"]
[EventCountry "CAN"]
[SourceTitle "EXT 2022"]
[Source "ChessBase"]
[SourceDate "2021.10.06"]
[SourceVersion "1"]
[SourceVersionDate "2021.10.06"]
[SourceQuality "1"]

1. e4 c5 2. Nf3 d6 3. d4 cxd4 4. Nxd4 Nf6 5. Nc3 a6 6. Bc4 e6 7. Bb3 b5 8. 0-0 Be7 9. Be3 0-0 10. a3 Qc7 11. f4 Nc6 12. f5 Nxd4 13. Bxd4 e5 14. Be3 Bb7 15. Bg5 Nxe4 16. Nxe4 Bxe4 17. Bxe7 Qxe7 18. Qg4 Qb7 19. Rae1 d5 20. Rxe4 dxe4 21. f6 g6 22. Qg5 Kh8 23. Qxe5 Rfe8 24. Qg5 Qb6+ 25. Kh1 Qd6 26. Qh6 Qf8 27. Qe3 Rad8 28. h4 Re5 29. g4 h5 30. gxh5 Rxh5 31. Qxe4 Re8 32. Qg4 Qh6 33. Rf4 g5 34. Re4 Rxh4+ 35. Qxh4 Qxh4+ 36. Rxh4+ gxh4 37. Bxf7 Rf8 38. Bd5 Rxf6 39. Kg2 Kg7 40. Kh3 Rf4 41. b4 Rd4 42. Bb7 Rd6 43. Kxh4 Kf6 44. Kg4 Ke5 45. Bc8 Kd4 46. Bf5 Kc3 47. Kf4 Kb2 48. Ke5 Rd8 49. c4 bxc4 50. a4 c3 51. b5 axb5 52. axb5 c2 53. Bxc2 Kxc2 54. b6 Rb8 55. Kd5 Rxb6 56. Kc5 Rb3 57. Kd5 Kc3 58. Ke5 Rb4 59. Kd5 Rc4 60. Ke5 Rd4 61. Ke6 Kd3 62. Ke5 Ke3 63. Kf5 Rd5+ 64. Kg4 Re5 65. Kh4 Kf3 0-1

[Event "CAN-ch U12"]
[Site "Sault Ste Marie"]
[Date "2017.07.09"]
[Round "6.68"]
[White "Chakkoli, Anirud"]
[Black "Yim, Justin"]
[Result "1-0"]
[WhiteElo "1174"]
[BlackElo "748"]
[PlyCount "53"]
[EventDate "2017.07.06"]
[EventType "swiss"]
[EventRounds "7"]
[EventCountry "CAN"]
[SourceTitle "EXT 2022"]
[Source "ChessBase"]
[SourceDate "2021.10.06"]
[SourceVersion "1"]
[SourceVersionDate "2021.10.06"]
[SourceQuality "1"]

1. e4 e5 2. Nf3 Nc6 3. d4 d6 4. d5 Nce7 5. c4 Nf6 6. Be2 g6 7. Nc3 Bg7 8. 0-0 0-0 9. Bg5 Bd7 10. c5 h6 11. Bh4 b6 12. c6 Bg4 13. h3 Bxf3 14. Bxf3 a6 15. Qd2 b5 16. a3 Nc8 17. Be2 Nxe4 18. Nxe4 Qxh4 19. f4 Qe7 20. f5 gxf5 21. Rxf5 Nb6 22. Raf1 Nc4 23. Bxc4 bxc4 24. Nf6+ Bxf6 25. Rxf6 Kg7 26. Qxh6+ Kg8 27. Qg5+ 1-0

[Event "CAN-ch U12"]
[Site "Windsor"]
[Date "2016.07.08"]
[Round "6.70"]
[White "Chakkoli, Anirud"]
[Black "Asemota, Eghosa"]
[Result "1-0"]
[WhiteElo "747"]
[BlackElo "782"]
[PlyCount "129"]
[EventDate "2016.07.05"]
[EventType "swiss"]
[EventRounds "7"]
[EventCountry "CAN"]
[SourceTitle "EXT 2022"]
[Source "ChessBase"]
[SourceDate "2021.10.06"]
[SourceVersion "1"]
[SourceVersionDate "2021.10.06"]
[SourceQuality "1"]

1. d4 d5 2. c4 c6 3. Nc3 Nf6 4. e3 e6 5. g3 g6 6. Bg2 Bg7 7. Nf3 0-0 8. 0-0 dxc4 9. b3 cxb3 10. axb3 Nbd7 11. Ba3 Re8 12. Re1 b6 13. e4 e5 14. b4 exd4 15. Nxd4 Nh5 16. Nce2 c5 17. bxc5 bxc5 18. e5 cxd4 19. Bxa8 Bxe5 20. Rb1 Nb6 21. Bc6 Bd7 22. Bf3 Ba4 23. Qd3 Bd6 24. Bxh5 gxh5 25. Bxd6 Qxd6 26. Nxd4 Rxe1+ 27. Rxe1 a6 28. Re4 Bb5 29. Qb3 Bc4 30. Re8+ Kg7 31. Nf5+ Kf6 32. Nxd6 Bxb3 33. Ne4+ Kf5 34. Nc5 Bc4 35. f4 Bb5 36. Re5+ Kg4 37. Rg5+ Kf3 38. Rxh5 a5 39. Nb7 a4 40. Rxb5 a3 41. Rxb6 a2 42. Ra6 a1Q+ 43. Rxa1 f5 44. Ra3+ Kg4 45. Ra7 h5 46. Nd6 Kh3 47. Nxf5 h4 48. Nxh4 Kg4 49. f5 Kg5 50. Rg7+ Kf6 51. Rg6+ Kf7 52. f6 Kf8 53. f7 Ke7 54. Rg7 Kf8 55. Rh7 Ke7 56. Ng6+ Kf6 57. f8Q+ Kxg6 58. Qh6+ Kf5 59. Qh5+ Ke4 60. Kf2 Kd3 61. Rd7+ Kc2 62. Qd1+ Kb2 63. Rb7+ Ka2 64. Qb1+ Ka3 65. Ra7# 1-0

[Event "CAN-ch U12"]
[Site "Windsor"]
[Date "2016.07.07"]
[Round "5.69"]
[White "Vadakken, Joel"]
[Black "Chakkoli, Anirud"]
[Result "1-0"]
[WhiteElo "914"]
[BlackElo "747"]
[PlyCount "75"]
[EventDate "2016.07.05"]
[EventType "swiss"]
[EventRounds "7"]
[EventCountry "CAN"]
[SourceTitle "EXT 2022"]
[Source "ChessBase"]
[SourceDate "2021.10.06"]
[SourceVersion "1"]
[SourceVersionDate "2021.10.06"]
[SourceQuality "1"]

1. e4 c5 2. Nc3 d6 3. Bc4 e6 4. d3 Nd7 5. Nf3 Ngf6 6. Bg5 Be7 7. Qd2 0-0 8. 0-0-0 h6 9. Bxf6 Bxf6 10. Kb1 Nb6 11. Bb3 Bd7 12. Qe3 Bxc3 13. bxc3 Ba4 14. d4 c4 15. Bxa4 Nxa4 16. Qc1 Nxc3+ 17. Ka1 Nxd1 18. Rxd1 Qb6 19. e5 d5 20. c3 a5 21. Qc2 Ra6 22. g4 Qb5 23. a4 Qc6 24. g5 b5 25. gxh6 Rb8 26. h7+ Kf8 27. h8Q+ Ke7 28. Qxb8 b4 29. Qb5 Qxb5 30. axb5 Rb6 31. Qa4 Rxb5 32. Qxb5 bxc3 33. Qxa5 c2 34. Rc1 g5 35. Nxg5 f6 36. Qa7+ Ke8 37. exf6 c3 38. Qe7# 1-0

[Event "CAN-ch U12"]
[Site "Windsor"]
[Date "2016.07.06"]
[Round "3.71"]
[White "Chakkoli, Anirud"]
[Black "Wang, Terry"]
[Result "0-1"]
[WhiteElo "747"]
[BlackElo "893"]
[PlyCount "56"]
[EventDate "2016.07.05"]
[EventType "swiss"]
[EventRounds "7"]
[EventCountry "CAN"]
[SourceTitle "EXT 2022"]
[Source "ChessBase"]
[SourceDate "2021.10.06"]
[SourceVersion "1"]
[SourceVersionDate "2021.10.06"]
[SourceQuality "1"]

1. d4 Nf6 2. c4 e6 3. Nc3 d5 4. Nf3 dxc4 5. e3 Nc6 6. Bxc4 Bd6 7. 0-0 0-0 8. h3 e5 9. Qc2 Be6 10. b3 Qd7 11. Ne4 Nxe4 12. Qxe4 Bf5 13. Qh4 e4 14. Ng5 Be7 15. Bxf7+ Rxf7 16. Nxf7 Bxh4 17. Ne5 Nxe5 18. dxe5 Re8 19. Bb2 c5 20. Rad1 Qf7 21. Rd5 Qg6 22. g3 Bxg3 23. fxg3 Qxg3+ 24. Kh1 Bxh3 25. Rd2 Bxf1 26. Ba3 Re6 27. Bxc5 Rh6+ 28. Rh2 Rxh2# 0-1